Menjaring usahawan bumiputera / (Record no. 1765)

000 -LEADER
fixed length control field nam a22 a 4500
003 - CONTROL NUMBER IDENTIFIER
control field AKMAL
005 - DATE AND TIME OF LATEST TRANSACTION
control field 20170511153335.0
008 - FIXED-LENGTH DATA ELEMENTS--GENERAL INFORMATION
fixed length control field 170511s1998 my 00 may d
020 ## - INTERNATIONAL STANDARD BOOK NUMBER
International Standard Book Number 9676108758 (kkt.):
Terms of availability RM 13.00
040 ## - CATALOGING SOURCE
Original cataloging agency AKMAL
Transcribing agency AKMAL
049 00 - LOCAL HOLDINGS (OCLC)
Holding library klpmal
082 04 - DEWEY DECIMAL CLASSIFICATION NUMBER
Classification number 338.04 ABD
090 00 - LOCALLY ASSIGNED LC-TYPE CALL NUMBER (OCLC); LOCAL CALL NUMBER (RLIN)
Classification number (OCLC) (R) ; Classification number, CALL (RLIN) (NR) 338.04
Local cutter number (OCLC) ; Book number/undivided call number, CALL (RLIN) ABD
090 20 - LOCALLY ASSIGNED LC-TYPE CALL NUMBER (OCLC); LOCAL CALL NUMBER (RLIN)
Classification number (OCLC) (R) ; Classification number, CALL (RLIN) (NR) 338.04
Local cutter number (OCLC) ; Book number/undivided call number, CALL (RLIN) ABD
100 0# - MAIN ENTRY--PERSONAL NAME
Personal name Abdul Razak Omar
9 (RLIN) 3652
245 10 - TITLE STATEMENT
Title Menjaring usahawan bumiputera /
Statement of responsibility, etc. Abdul Razak Omar
260 ## - PUBLICATION, DISTRIBUTION, ETC.
Place of publication, distribution, etc. Kuala Lumpur :
Name of publisher, distributor, etc. Utusan Publications & Distributors,
Date of publication, distribution, etc. 1998
300 00 - PHYSICAL DESCRIPTION
Extent iii, 106ms. :
Other physical details ;
Dimensions 22cm
440 #0 - SERIES STATEMENT/ADDED ENTRY--TITLE
Title Siri pengurusan dan perniagaan Utusan
9 (RLIN) 3454
650 #0 - SUBJECT ADDED ENTRY--TOPICAL TERM
Topical term or geographic name entry element Entrepreneurship
Geographic subdivision Malaysia
9 (RLIN) 3566
650 #0 - SUBJECT ADDED ENTRY--TOPICAL TERM
Topical term or geographic name entry element Business
General subdivision Management
9 (RLIN) 3653
942 ## - ADDED ENTRY ELEMENTS (KOHA)
Source of classification or shelving scheme
Koha item type Book
Holdings
Withdrawn status Lost status Source of classification or shelving scheme Damaged status Not for loan Collection code Home library Current library Date acquired Inventory number Total Checkouts Full call number Barcode Date last seen Price effective from Koha item type
          NON-FICTION AKMAL Melaka AKMAL Melaka 11.05.2017 303314   338.04 ABD 201705651 11.05.2017 11.05.2017 Book
Pusat Sumber Maklumat Dato' Haji Sarmin Md Hussin, Akademi Kastam Diraja Malaysia, Melaka
Tel: 06-2331106 | Faks: 06-2313787